Redecorate - Twenty One Pilots Lyrics - Statistics

General Stats
  • This quiz has been taken 4 times
  • The average score is 110 of 397
Answer Stats
Lyrics % Correct
Chorus I
100%
I
100%
I
100%
a
75%
and
75%
At
75%
'Cause
75%
clean
75%
do
75%
don't
75%
don't
75%
go
75%
Is
75%
last
75%
least
75%
leave
75%
let
75%
like
75%
like
75%
make
75%
make
75%
me
75%
my
75%
my
75%
people
75%
redecorate?
75%
room
75%
the
75%
thing
75%
this
75%
this
75%
to
75%
wanna
75%
wanna
75%
want
75%
always
50%
around
50%
asked
50%
at
50%
back,
50%
but
50%
but
50%
chronologically
50%
collected
50%
corner
50%
decisions
50%
directive
50%
display
50%
do,
50%
enough
50%
Flat
50%
forgive
50%
from
50%
from
50%
he
50%
He
50%
he
50%
he
50%
heard
50%
him
50%
his
50%
his
50%
hopes
50%
Chorus I
50%
I
50%
I
50%
Verse 6 I
50%
in
50%
inventory
50%
it
50%
it
50%
just
50%
keep
50%
life
50%
line
50%
lived
50%
look
50%
lookin'
50%
many
50%
never
50%
Never
50%
new
50%
of
50%
oh
50%
on
50%
on
50%
Or
50%
Orders
50%
permission
50%
perspective
50%
quite
50%
redecorate?
50%
Seein'
50%
shadow
50%
should
50%
Should
50%
snapshots
50%
Something
50%
still
50%
Verse 1 Taking
50%
that
50%
that
50%
that
50%
the
50%
things
50%
tidy
50%
to
50%
told
50%
Verse 2 Tried
50%
up
50%
what
50%
where
50%
Wondering
50%
a
25%
a
25%
a
25%
afraid
25%
all
25%
an
25%
And
25%
and
25%
and
25%
And
25%
and
25%
At
25%
back,
25%
back
25%
back
25%
bed
25%
behind
25%
bells
25%
big
25%
Verse 3 Blankets
25%
blankets
25%
but
25%
by
25%
'Cause
25%
change
25%
clean
25%
cold
25%
couple
25%
covers
25%
days
25%
decisions
25%
decorates
25%
dents
25%
different
25%
display
25%
do
25%
do,
25%
don't
25%
don't
25%
Fair
25%
fairly
25%
feels
25%
go
25%
got
25%
has
25%
Verse 4 Haunted
25%
he
25%
He
25%
he
25%
he
25%
her
25%
her
25%
her
25%
he's
25%
he's
25%
Chorus I
25%
I
25%
I
25%
if
25%
inebriated
25%
Is
25%
isolated
25%
isolated
25%
it
25%
it
25%
it
25%
it
25%
Just
25%
keep
25%
last
25%
least
25%
leave
25%
let
25%
like
25%
like
25%
like
25%
Like
25%
lived
25%
made
25%
make
25%
make
25%
me
25%
might
25%
might've
25%
mirror,
25%
mirrors,
25%
mistakes
25%
most
25%
my
25%
my
25%
name,
25%
night
25%
no
25%
not
25%
not
25%
not
25%
of
25%
of
25%
of
25%
off
25%
oh
25%
on
25%
on
25%
on
25%
one
25%
Or
25%
over
25%
people
25%
plans
25%
redecorate?
25%
redecorate?
25%
redecorate?
25%
reflection,
25%
repeat,
25%
ripped
25%
room
25%
said
25%
say
25%
scaled
25%
scaled
25%
sedated
25%
see
25%
she
25%
she
25%
She
25%
She
25%
she
25%
she
25%
she
25%
she
25%
She's
25%
Should
25%
So
25%
stepped
25%
street
25%
tends
25%
the
25%
the
25%
the
25%
the
25%
the
25%
the
25%
the
25%
the
25%
them
25%
Then
25%
they
25%
they
25%
thing
25%
this
25%
this
25%
to
25%
to
25%
to
25%
to
25%
to
25%
track
25%
traditional
25%
trapped
25%
wanna
25%
wanna
25%
want
25%
way,
25%
way
25%
week
25%
what
25%
what
25%
when
25%
whistles
25%
with
25%
with
25%
Verse 5 With
25%
Wondering
25%
yeah
25%
yeah
25%
a
0%
an
0%
At
0%
before
0%
break
0%
breath
0%
but
0%
can
0%
cares
0%
'Cause
0%
city
0%
clean
0%
(clean
0%
decisions
0%
display
0%
display)
0%
do
0%
do
0%
do,
0%
don't
0%
don't
0%
door,
0%
ear
0%
go
0%
(go
0%
hates
0%
he
0%
hear
0%
him
0%
his
0%
If
0%
in
0%
is
0%
is)
0%
it
0%
it
0%
it
0%
keep
0%
last
0%
least
0%
leave
0%
(leave
0%
let
0%
like
0%
like
0%
like
0%
like
0%
likes
0%
Make
0%
make
0%
me
0%
me
0%
mostly
0%
my
0%
my
0%
my
0%
my
0%
oh
0%
on
0%
(on
0%
open
0%
Or
0%
Outro Or
0%
Or
0%
people
0%
put
0%
Put
0%
rest
0%
room,
0%
room
0%
room)
0%
running
0%
saying
0%
Says
0%
schedule
0%
Should
0%
structure
0%
take
0%
tell
0%
the
0%
the
0%
the
0%
Intro(Clancy) There
0%
they
0%
they'd
0%
thing
0%
this
0%
this)
0%
this
0%
this)
0%
to
0%
to
0%
to
0%
to
0%
to
0%
(to
0%
to
0%
up
0%
wanna
0%
wanna
0%
want
0%
was
0%
what
0%
wonderful
0%
Wondering
0%
you
0%
you
0%
your
0%
you're
0%
No matching quizzes found
Score Distribution
Percent of People with Each Score
Percentile by Number Answered
Your Score History
You have not taken this quiz